<?xml version="1.0" encoding="UTF-8"?>
<record
    xmlns:xsi="http://www.w3.org/2001/XMLSchema-instance"
    xsi:schemaLocation="http://www.loc.gov/MARC21/slim http://www.loc.gov/standards/marcxml/schema/MARC21slim.xsd"
    xmlns="http://www.loc.gov/MARC21/slim">

  <leader>00631naa a2200157 i 4500</leader>
  <controlfield tag="001">8686</controlfield>
  <controlfield tag="003">KOSZ 005</controlfield>
  <controlfield tag="005">20180430101726.0</controlfield>
  <controlfield tag="008">180226s2002    ru  |||f| ||||0|| ||eng d</controlfield>
  <datafield tag="040" ind1=" " ind2=" ">
    <subfield code="c">KOSZ 005</subfield>
    <subfield code="a">KOSZ 005/HR</subfield>
  </datafield>
  <datafield tag="100" ind1="1" ind2=" ">
    <subfield code="a">SUSHCH, Volodymyr.</subfield>
    <subfield code="d">1997 - .</subfield>
    <subfield code="b">Politechnika Koszali&#x144;ska - Wydzia&#x142; Budownictwa i In&#x17C;ynierii &#x15A;rodowiska,</subfield>
    <subfield code="c">Katedra Matematyki</subfield>
  </datafield>
  <datafield tag="245" ind1="1" ind2="0">
    <subfield code="a">Discrete models of some mathematical physics problems / </subfield>
    <subfield code="c">Volodymyr Sushch.</subfield>
  </datafield>
  <datafield tag="650" ind1=" " ind2="0">
    <subfield code="a">Matematyka.</subfield>
  </datafield>
  <datafield tag="773" ind1="0" ind2=" ">
    <subfield code="i">W :</subfield>
    <subfield code="t">Autoreferat of  Dr. Sci. Dissertation (Habilitation). -</subfield>
    <subfield code="d">Wydaw. MAKS Press, Moscow, 2002. -</subfield>
    <subfield code="g">s. 27.</subfield>
  </datafield>
  <datafield tag="942" ind1=" " ind2=" ">
    <subfield code="c">ROZ</subfield>
    <subfield code="2">UKD</subfield>
  </datafield>
  <datafield tag="999" ind1=" " ind2=" ">
    <subfield code="c">8686</subfield>
    <subfield code="d">8686</subfield>
  </datafield>
</record>
